Genealogy basics online : a step-by-step introduction to finding your ancestors through the Internet /

Bibliographic Details
Main Author: Flinn, Cherri Melton
Corporate Author: NetLibrary, Inc
Format: eBook
Language:English
Published: Cincinnati, Ohio : Muska & Lipman Pub., 2000.
Edition:1st.
Subjects:
Online Access:Connect to the full text of this electronic book

MARC

Tag First Indicator Second Indicator Subfields
LEADER 00000cam a2200000La 4500
001 in00001753685
005 20220105121051.0
006 m u
007 cr cn-
008 000808s2000 xx s 000 0 eng d
010 |z  99068483  
020 |a 0585229082 (electronic bk.) :  |c $24.95 
020 |z 1929685009 
035 |a (OCoLC)ocm44959999 
040 |a N$T  |c N$T  |d OCL  |d UtOrBLW 
049 |a IKMN 
100 1 |a Flinn, Cherri Melton.  |0 http://id.loc.gov/authorities/names/n00027130 
245 1 0 |a Genealogy basics online :  |b a step-by-step introduction to finding your ancestors through the Internet /  |c Cherri Melton Flinn. 
250 |a 1st. 
264 1 |a Cincinnati, Ohio :  |b Muska & Lipman Pub.,  |c 2000. 
300 |a x, 212 pages :  |b illustrations ;  |c 23 cm. 
336 |a text  |b txt  |2 rdacontent 
337 |a computer  |b c  |2 rdamedia 
338 |a online resource  |b cr  |2 rdacarrier 
500 |a Includes index. 
533 |a Electronic reproduction.  |b Boulder, Colo. :  |c NetLibrary,  |d 2000.  |n Available via the World Wide Web.  |n Available in multiple electronic file formats.  |n Access may be limited to NetLibrary affiliated libraries. 
500 |a Electronic resource. 
650 0 |a Genealogy  |x Computer network resources.  |0 http://id.loc.gov/authorities/subjects/sh2009125719 
655 7 |a Electronic books.  |2 local 
710 2 |a NetLibrary, Inc.  |0 http://id.loc.gov/authorities/names/no99080690 
776 1 |c Original  |w (DLC) 99068483 
856 4 1 |u https://proxy.library.tamu.edu/login?url=http://www.netLibrary.com/urlapi.asp?action=summary&v=1&bookid=33701  |z Connect to the full text of this electronic book  |t 0 
994 |a 92  |b IKM 
999 |a MARS 
999 f f |s 1dbe301d-9470-3777-a470-33327ea8dc57  |i 0d8664ed-6550-34a2-9d73-ac8aec689091  |t 0 
952 f f |a Texas A&M University  |b College Station  |c Electronic Resources  |d Available Online  |t 0  |h No information provided 
998 f f |t 0  |l Available Online